000
00209nam a22000857a 4500
008
161114b xxu||||| |||| 00| 0 eng d
100
_9
1198
_a
Singh.L.etal
245
_a
Biology-X
260
_a
New Delhi
_b
S. Chand
_c
2011
999
_c
3889
_d
3889